|
|
|
|
| LEADER |
00970Cam#a22002895a#4500 |
| 001 |
020418 |
| 005 |
20160721155327.0 |
| 008 |
081110s1997####ag a g#f #000|0#spa#d |
| 020 |
|
|
|a 9507246827
|
| 040 |
|
|
|a AR-BeUNQ
|
| 082 |
0 |
4 |
|a 302.3
|2 21
|
| 099 |
|
|
|a 302.3 AGU
|
| 100 |
1 |
|
|a Aguilar, María José
|
| 245 |
0 |
3 |
|a El trabajo en equipo /
|c María José Aguilar, Ezequiel Ander Egg.
|
| 250 |
|
|
|a 2a. ed.
|
| 260 |
|
|
|a Buenos Aires :
|b Lumen-Hvmanitas,
|c c1997.
|
| 300 |
|
|
|a 44 p. :
|b il. ;
|c 20 cm.
|
| 490 |
0 |
|
|a =490 0\
|a
|
| 490 |
1 |
|
|a Hvmanitas 2000. Serie Intervención Social
|
| 650 |
|
7 |
|a Trabajo en grupo
|2 spines
|
| 650 |
|
7 |
|a Relaciones cooperativas
|2 spines
|
| 650 |
|
7 |
|a Dinámica de grupos
|2 spines
|
| 700 |
1 |
|
|a Ander Egg, Ezequiel
|e aut
|4 aut
|
| 830 |
|
0 |
|a Hvmanitas 2000 (Lumen/Humanitas).
|p Serie Intervención Social.
|
| 929 |
|
|
|a DONACION
|b Silvia Berezin
|d 0
|e 20081003
|f PAT0025858
|g 1101 Exp. 827-0387/98
|j 42693
|
| 942 |
|
|
|c LIB
|n 0
|
| 999 |
|
|
|c 20067
|d 95454
|